[Event "Hamburg-chA"]
[Site "Hamburg"]
[Date "2012.05.29"]
[Round "4"]
[White "Weisshorn, Lasse"]
[Black "Malicki, Rudolfo"]
[Result "0-1"]
[WhiteElo "931"]
[BlackElo "1626"]
[PlyCount "92"]
[EventDate "2012.05.26"]
[EventType "swiss"]
[EventRounds "9"]
[EventCountry "GER"]
[SourceTitle "CBM 148 Extra"]
[Source "ChessBase"]
[SourceDate "2012.06.22"]
[SourceVersion "1"]
[SourceVersionDate "2012.06.22"]
[SourceQuality "1"]

1. e4 g6 2. Bc4 d6 3. Nf3 Bg7 4. d4 Nf6 5. Nc3 0-0 6. 0-0 a6 7. a3 c6 8. e5 dxe5 9. dxe5 Ng4 10. Qe2 b5 11. Ba2 e6 12. h3 Nh6 13. Be3 Nd7 14. Rad1 Qc7 15. Bf4 Nf5 16. Rd3 Ne7 17. Rfd1 Nd5 18. Nxd5 cxd5 19. Rc3 Qb8 20. Qe3 Bb7 21. Rd4 Rc8 22. Rxc8+ Qxc8 23. c3 Nc5 24. Bh6 Bh8 25. Rf4 Ne4 26. Bb1 Qc4 27. Bd3 Qc5 28. Qxc5 Nxc5 29. Bc2 Nd7 30. Rh4 Nxe5 31. Nd2 Nc4 32. Nxc4 dxc4 33. f4 Rd8 34. f5 exf5 35. Rf4 Rd2 36. Rf2 Rxf2 37. Kxf2 Be4 38. Bd1 Bg7 39. Be3 h6 40. Bd4 Bxd4+ 41. cxd4 Kf8 42. Bf3 Ke7 43. Ke3 Bxf3 44. gxf3 Ke6 45. Kd2 f4 46. Kc3 Kd5 0-1

[Event "Hamburg-chA"]
[Site "Hamburg"]
[Date "2012.05.28"]
[Round "3"]
[White "Malicki, Rudolfo"]
[Black "Krueger, Dietrich"]
[Result "1-0"]
[WhiteElo "1626"]
[BlackElo "1064"]
[PlyCount "97"]
[EventDate "2012.05.26"]
[EventType "swiss"]
[EventRounds "9"]
[EventCountry "GER"]
[SourceTitle "CBM 148 Extra"]
[Source "ChessBase"]
[SourceDate "2012.06.22"]
[SourceVersion "1"]
[SourceVersionDate "2012.06.22"]
[SourceQuality "1"]

1. c4 e5 2. g3 Nc6 3. Bg2 Bb4 4. a3 Bc5 5. e3 Nge7 6. b4 Bxb4 7. axb4 Nxb4 8. Qb3 c5 9. Ne2 a5 10. 0-0 Nec6 11. Bb2 d6 12. d4 exd4 13. exd4 0-0 14. dxc5 dxc5 15. Nf4 Be6 16. Qc3 Nd4 17. Re1 Rb8 18. Nxe6 fxe6 19. Na3 Qf6 20. Qd2 Rbd8 21. Bxd4 Rxd4 22. Qe3 Kh8 23. Rad1 Nc6 24. Bxc6 bxc6 25. Rxd4 cxd4 26. Qd2 e5 27. Re2 Qf3 28. Nb1 c5 29. Rxe5 h6 30. Rxc5 Rb8 31. Qe1 a4 32. Rb5 Ra8 33. Rb2 d3 34. Qd2 Re8 35. Nc3 a3 36. Ra2 Ra8 37. Nd5 Ra4 38. Nf4 Qe4 39. Qxd3 Qe1+ 40. Kg2 Qc1 41. Ng6+ Kh7 42. Ne5+ Kg8 43. Qb3 Ra5 44. Nd3 Qg5 45. Rxa3 Rf5 46. c5+ Rf7 47. Ra8+ Kh7 48. Qxf7 Qd5+ 49. Qxd5 1-0

[Event "Hamburg-chA"]
[Site "Hamburg"]
[Date "2011.10.05"]
[Round "5.7"]
[White "Malicki, Rudolfo"]
[Black "Haugwitz, Steffen"]
[Result "0-1"]
[WhiteElo "1606"]
[BlackElo "1505"]
[PlyCount "76"]
[EventDate "2011.10.09"]
[EventType "swiss"]
[EventRounds "9"]
[EventCountry "GER"]
[SourceTitle "EXT 2012"]
[Source "ChessBase"]
[SourceDate "2011.11.24"]
[SourceVersion "1"]
[SourceVersionDate "2011.11.24"]
[SourceQuality "1"]

1. c4 e5 2. g3 Nf6 3. Bg2 c6 4. d4 exd4 5. Qxd4 Be7 6. Nf3 d5 7. cxd5 Qxd5 8. Nc3 Qxd4 9. Nxd4 0-0 10. 0-0 Rd8 11. e3 Bc5 12. Nb3 Bb4 13. Ne4 Nxe4 14. Bxe4 Be6 15. Nd4 Bc4 16. Rd1 Be2 17. Nxe2 Rxd1+ 18. Kg2 Nd7 19. a3 Bd2 20. b4 Bxc1 21. Rxc1 Rxc1 22. Nxc1 Re8 23. Bf3 Ne5 24. Be2 Rd8 25. Nb3 b6 26. f4 Nd3 27. e4 c5 28. bxc5 Nxc5 29. Nxc5 bxc5 30. Kf3 Rc8 31. Bc4 Kf8 32. e5 Rb8 33. h4 Rb1 34. a4 Rc1 35. Be2 c4 36. g4 c3 37. Ke3 c2 38. Kd2 Re1 0-1

[Event "Hamburg-chA"]
[Site "Hamburg"]
[Date "2011.10.04"]
[Round "4.5"]
[White "Frackowiak, Stanislaw"]
[Black "Malicki, Rudolfo"]
[Result "1-0"]
[WhiteElo "1641"]
[BlackElo "1606"]
[PlyCount "51"]
[EventDate "2011.10.09"]
[EventType "swiss"]
[EventRounds "9"]
[EventCountry "GER"]
[SourceTitle "EXT 2012"]
[Source "ChessBase"]
[SourceDate "2011.11.24"]
[SourceVersion "1"]
[SourceVersionDate "2011.11.24"]
[SourceQuality "1"]

1. d4 Nf6 2. c4 g6 3. Nc3 Bg7 4. e4 d6 5. Be2 0-0 6. Bg5 c6 7. Nf3 Qa5 8. Bd2 Qb6 9. Rb1 Bg4 10. Be3 Qa5 11. 0-0 Nbd7 12. Nd2 Bxe2 13. Qxe2 e5 14. d5 Nh5 15. Rfd1 c5 16. a3 f5 17. f3 Nf4 18. Qf1 Bh6 19. Kh1 Bg7 20. b4 Qxa3 21. Rb3 Qa6 22. Ra1 Qb6 23. bxc5 Qc7 24. Nb5 Qb8 25. cxd6 a5 26. Nc7 1-0

[Event "Harburg-chH 9th"]
[Site "Hamburg"]
[Date "2011.08.21"]
[Round "5"]
[White "Rulfs, Ernst August"]
[Black "Malicki, Rudolfo"]
[Result "0-1"]
[WhiteElo "1628"]
[BlackElo "1412"]
[PlyCount "46"]
[EventDate "2011.08.19"]
[EventType "tourn"]
[EventRounds "5"]
[EventCountry "GER"]
[SourceTitle "EXT 2012"]
[Source "ChessBase"]
[SourceDate "2011.11.24"]
[SourceVersion "1"]
[SourceVersionDate "2011.11.24"]
[SourceQuality "1"]

1. c4 Nf6 2. Nf3 g6 3. g3 Bg7 4. Bg2 d6 5. 0-0 c5 6. Nc3 0-0 7. d4 cxd4 8. Nxd4 Qa5 9. Bd2 Qh5 10. Nf3 Nc6 11. Nb5 Bh3 12. Nc7 Rac8 13. Nd5 Bxg2 14. Nf4 Qc5 15. Nxg2 Qxc4 16. b3 Qb5 17. Rc1 Ne4 18. Be3 Nc3 19. Qc2 Nxe2+ 20. Kh1 Nxc1 21. Rxc1 e5 22. h4 Ne7 23. Qe2 Qxe2 0-1

[Event "Harburg-chH 9th"]
[Site "Hamburg"]
[Date "2011.08.20"]
[Round "2"]
[White "Malicki, Rudolfo"]
[Black "Gorbach, Mark"]
[Result "1-0"]
[WhiteElo "1412"]
[BlackElo "1423"]
[PlyCount "63"]
[EventDate "2011.08.19"]
[EventType "tourn"]
[EventRounds "5"]
[EventCountry "GER"]
[SourceTitle "EXT 2012"]
[Source "ChessBase"]
[SourceDate "2011.11.24"]
[SourceVersion "1"]
[SourceVersionDate "2011.11.24"]
[SourceQuality "1"]

1. c4 e6 2. g3 d5 3. cxd5 exd5 4. Bg2 f5 5. e3 Nf6 6. Ne2 c6 7. 0-0 Bd6 8. b3 0-0 9. Ba3 Bxa3 10. Nxa3 Be6 11. Nc2 Nbd7 12. Ncd4 Bf7 13. Nxf5 Bg6 14. Nfd4 Qe8 15. Nf4 Rc8 16. Nde6 Rf7 17. Nxg6 Qxe6 18. Nf4 Qf5 19. Bh3 Qg5 20. Be6 Qh6 21. d3 g5 22. Ng2 Rcf8 23. f4 g4 24. Nh4 Kh8 25. Bxf7 Rxf7 26. Nf5 Qh3 27. Nd6 Re7 28. e4 d4 29. Nf5 Re8 30. Nxd4 Nc5 31. Qc2 Rd8 32. Qxc5 1-0

[Event "Harburg-chH 9th"]
[Site "Hamburg"]
[Date "2011.08.20"]
[Round "3"]
[White "Stolzenwald, Frank"]
[Black "Malicki, Rudolfo"]
[Result "0-1"]
[WhiteElo "1410"]
[BlackElo "1412"]
[PlyCount "50"]
[EventDate "2011.08.19"]
[EventType "tourn"]
[EventRounds "5"]
[EventCountry "GER"]
[SourceTitle "EXT 2012"]
[Source "ChessBase"]
[SourceDate "2011.11.24"]
[SourceVersion "1"]
[SourceVersionDate "2011.11.24"]
[SourceQuality "1"]

1. e4 d6 2. c4 Nf6 3. f3 g6 4. b3 c5 5. Bb2 Bg7 6. Qc2 0-0 7. h4 Nc6 8. a3 Nd4 9. Bxd4 cxd4 10. Bd3 Nd7 11. Ra2 Nc5 12. Ne2 e5 13. g4 Qf6 14. Kf2 Bxg4 15. Ng1 Nxd3+ 16. Qxd3 Bd7 17. a4 Qe7 18. Qe2 f5 19. d3 fxe4 20. dxe4 Bg4 21. Kg2 Bh5 22. Rh3 Rf4 23. Qe1 Bf6 24. Kh1 Bxh4 25. Qd1 Rxe4 0-1

[Event "Hamburg St Pauli op-B"]
[Site "Hamburg"]
[Date "2011.07.17"]
[Round "9"]
[White "Frackowiak, Stanislaw"]
[Black "Malicki, Rudolfo"]
[Result "1-0"]
[WhiteElo "1647"]
[BlackElo "1420"]
[PlyCount "93"]
[EventDate "2011.07.09"]
[EventType "swiss"]
[EventRounds "9"]
[EventCountry "GER"]
[SourceTitle "CBM 143 Extra"]
[Source "ChessBase"]
[SourceDate "2011.08.29"]
[SourceVersion "1"]
[SourceVersionDate "2011.08.29"]
[SourceQuality "1"]

1. d4 Nf6 2. c4 c5 3. Nf3 cxd4 4. Nxd4 g6 5. e3 Bg7 6. Bd3 0-0 7. 0-0 d5 8. Nc3 e5 9. Nde2 Bg4 10. h3 d4 11. exd4 exd4 12. Nb5 Bxe2 13. Qxe2 Re8 14. Qf3 Nc6 15. Bf4 Rc8 16. Nd6 Ne5 17. Bxe5 Rxe5 18. Nxc8 Qxc8 19. Rfe1 Nd7 20. b4 Rxe1+ 21. Rxe1 Ne5 22. Qe2 Nxd3 23. Qxd3 Qd7 24. c5 b6 25. cxb6 axb6 26. a3 Bf6 27. Rd1 Qa4 28. Qf3 Kg7 29. g3 Qc2 30. h4 h6 31. Kg2 Qa4 32. Rd3 Qc2 33. Qe4 Qc4 34. Rf3 Qc7 35. Qf4 Be5 36. Qe4 Bf6 37. Qd5 h5 38. b5 Qe5 39. Qxe5 Bxe5 40. a4 f5 41. Rd3 Kf7 42. f4 Bf6 43. a5 bxa5 44. b6 Bd8 45. b7 Bc7 46. Rxd4 Ke6 47. Rd8 1-0

[Event "Hamburg-chB"]
[Site "Hamburg"]
[Date "2010.05.30"]
[Round "9.4"]
[White "Frackowiak, Stanislaw"]
[Black "Malicki, Rudolfo"]
[Result "1-0"]
[WhiteElo "1378"]
[BlackElo "1298"]
[PlyCount "73"]
[EventDate "2010.05.22"]
[EventType "swiss"]
[EventRounds "9"]
[EventCountry "GER"]
[SourceTitle "EXT 2011"]
[Source "ChessBase"]
[SourceDate "2010.11.26"]
[SourceVersion "1"]
[SourceVersionDate "2010.11.26"]
[SourceQuality "1"]

1. d4 Nf6 2. c4 d5 3. Nf3 dxc4 4. Nc3 g6 5. e4 Bg7 6. e5 Nd5 7. Bxc4 Nxc3 8. bxc3 Bg4 9. h3 Bxf3 10. Qxf3 0-0 11. Qxb7 Nd7 12. 0-0 Nb6 13. Bb3 e6 14. Qe4 Qd7 15. Be3 c6 16. Rab1 Nd5 17. Bxd5 cxd5 18. Qc2 Rfc8 19. Rb3 Qa4 20. Rfb1 Bf8 21. Qb2 Qc4 22. Bg5 Qd3 23. Bf6 a5 24. a4 Ra6 25. Rc1 Qc4 26. Rb7 Qxa4 27. Rxf7 Kxf7 28. Qb7+ Rc7 29. Qxc7+ Kg8 30. Qd8 Ra7 31. Rb1 Qd7 32. Qb8 Kf7 33. Bd8 Kg8 34. Bb6 Rb7 35. Qa8 a4 36. Kh2 Kf7 37. Bc5 1-0

[Event "Hamburg-chB"]
[Site "Hamburg"]
[Date "2010.05.28"]
[Round "7.1"]
[White "Malicki, Rudolfo"]
[Black "Olschok, Juergen"]
[Result "1/2-1/2"]
[WhiteElo "1298"]
[BlackElo "1582"]
[PlyCount "68"]
[EventDate "2010.05.22"]
[EventType "swiss"]
[EventRounds "9"]
[EventCountry "GER"]
[SourceTitle "EXT 2011"]
[Source "ChessBase"]
[SourceDate "2010.11.26"]
[SourceVersion "1"]
[SourceVersionDate "2010.11.26"]
[SourceQuality "1"]

1. c4 g6 2. g3 Bg7 3. Bg2 d6 4. d4 Kf8 5. e4 c6 6. f4 Na6 7. Nf3 Bg4 8. h3 Bxf3 9. Bxf3 e6 10. g4 Nf6 11. Nc3 Nd7 12. 0-0 Qb6 13. Ne2 Rd8 14. Be3 Qc7 15. Rb1 Kg8 16. b4 h6 17. b5 Nab8 18. bxc6 bxc6 19. Qb3 Kh7 20. f5 e5 21. fxg6+ fxg6 22. h4 Rde8 23. h5 g5 24. Qb7 Qxb7 25. Rxb7 exd4 26. Bxd4 a6 27. Bxg7 Kxg7 28. Nd4 Rhf8 29. Nf5+ Kh8 30. Nxd6 Nc5 31. Nf7+ Kg8 32. Nxh6+ Kh8 33. Nf7+ Kg8 34. Nh6+ Kh8 1/2-1/2

[Event "Hamburg-chB"]
[Site "Hamburg"]
[Date "2010.05.26"]
[Round "5.6"]
[White "Kock, Rudolf"]
[Black "Malicki, Rudolfo"]
[Result "0-1"]
[WhiteElo "1401"]
[BlackElo "1298"]
[PlyCount "106"]
[EventDate "2010.05.22"]
[EventType "swiss"]
[EventRounds "9"]
[EventCountry "GER"]
[SourceTitle "EXT 2011"]
[Source "ChessBase"]
[SourceDate "2010.11.26"]
[SourceVersion "1"]
[SourceVersionDate "2010.11.26"]
[SourceQuality "1"]

1. f4 d6 2. e3 c5 3. b3 Nf6 4. Bb2 g6 5. Nc3 Bg7 6. Rb1 a6 7. Bd3 0-0 8. Nf3 Bg4 9. 0-0 Nc6 10. a3 d5 11. Ne2 Bxf3 12. Rxf3 Qa5 13. Qc1 Ne4 14. Bxe4 dxe4 15. Rf2 Bxb2 16. Rxb2 Qxa3 17. Nc3 f5 18. Qb1 Qa5 19. Nd5 e6 20. Ra2 Qd8 21. Nc3 Nb4 22. Rb2 Qd6 23. Na2 Nd5 24. c4 Nf6 25. h3 a5 26. Nc3 Rfd8 27. Qe1 Rd7 28. Re2 Qb6 29. Na4 Qc6 30. Qc1 Rd3 31. Nc3 Nh5 32. Qe1 Rad8 33. Kf2 Ng7 34. Qa1 Qc7 35. Ra2 Ra8 36. Nb5 Qd8 37. g3 Rxb3 38. Qe5 Qc8 39. Nc7 Ra7 40. Nb5 Ra6 41. Nc7 Rc6 42. Nb5 Qd8 43. Qa1 b6 44. Qd1 Qd3 45. Rc2 Ne8 46. Qc1 Nd6 47. Na3 Rxa3 48. Rc3 Rxc3 49. Qxc3 Qxc3 50. dxc3 Nxc4 51. g4 Rd6 52. Kg3 Rd3 53. Re1 Rxe3+ 0-1